Missing Word: O Literature Quiz Stats

Quiz Updated Mar 25, 2013

Challenge
Share
Tweet
Embed
Score 0/18 Timer 03:00
3 Plays Today
Title Missing Word % Correct
The Wonderful Wizard of ___Oz
98.6%
________ TwistOliver
97.9%
No Country for ____ MenOld
97.7%
One Flew _____ the Cuckoo's NestOver
97.5%
For Your Eyes _____Only
96%
A Clockwork _______Orange
94.9%
Harry Potter and the _______ of the PhoenixOrder
94.1%
The Hunt for Red _________October
92.5%
____ of AfricaOut
90.7%
Title Missing Word % Correct
Murder on the ______ ExpressOrient
89.7%
Winter of ____ DiscontentOur
80.5%
___ Human BondageOf
75.5%
The ________Odyssey
74.1%
Winesburg, _____Ohio
54.2%
A Prayer for _____ MeanyOwen
50.7%
Jude the ________Obscure
38.4%
______ and LucindaOscar
32.6%
Good _____Omens
26.4%

Today's Daily Dose

Missing Word
NPR Programs

Quick Pick
1991 Events

On This Day
June 18th II

You're not logged in!

Compare scores with friends on all Sporcle quizzes.
Join for Free
OR
Log In

You Might Also Like...

Show Comments

Extras

Top Quizzes Today


Score Distribution

Your Account Isn't Verified!

In order to create a playlist on Sporcle, you need to verify the email address you used during registration. Go to your Sporcle Settings to finish the process.

Report this User

Report this user for behavior that violates our Community Guidelines.

Details: